| 000 | 01185cam a2200337 i 4500 | ||
|---|---|---|---|
| 001 | 17196752 | ||
| 003 | OSt | ||
| 005 | 20241016105734.0 | ||
| 008 | 120306s2012 ilu b 000 0 eng | ||
| 010 | _a 2012009669 | ||
| 020 | _a9780830842827 (pbk. : alk. paper) | ||
| 040 |
_aDLC _beng _erda _cDLC |
||
| 042 | _apcc | ||
| 050 | 0 | 0 |
_aREF 224.907 H645H _b.H55 2012 |
| 082 | 0 | 0 |
_aREF 224.907 H645H _223 |
| 100 | 1 |
_aHill, Andrew E. _961 |
|
| 245 | 1 | 0 |
_aHaggai, Zechariah and Malachi : _ban introduction and commentary / _cAndrew E. Hill. |
| 260 |
_aDowners Grove, Illinois : _bIVP Academic, _c2012. |
||
| 300 |
_a368 pages ; _c21 cm. |
||
| 336 |
_atext _2rdacontent |
||
| 337 |
_aunmediated _2rdamedia |
||
| 338 |
_avolume _2rdacarrier |
||
| 490 | 0 |
_aTyndale Old Testament commentaries ; _vvolume 28 |
|
| 504 | _aIncludes bibliographical references. | ||
| 630 | 0 | 0 |
_aBible. _pHaggai _vCommentaries. _962 |
| 630 | 0 | 0 |
_aBible. _pZechariah _vCommentaries. _963 |
| 630 | 0 | 0 |
_aBible. _pMalachi _vCommentaries. _964 |
| 906 |
_a7 _bcbc _corignew _d1 _eecip _f20 _gy-gencatlg |
||
| 942 |
_2ddc _cBK |
||
| 999 |
_c11153 _d11153 |
||